[Event "GEO-ch 1st League 81st"]
[Site "Tbilisi"]
[Date "2021.12.14"]
[Round "1"]
[White "Kavkasidze, Ilia"]
[Black "Lortkipanidze, Nodar"]
[Result "0-1"]
[WhiteElo "1831"]
[BlackElo "2407"]
[PlyCount "118"]
[EventDate "2021.12.14"]
[EventType "swiss"]
[EventRounds "9"]
[EventCountry "GEO"]
[SourceTitle "CBM 205 Extra"]
[Source "ChessBase"]
[SourceDate "2022.01.31"]
[SourceVersion "1"]
[SourceVersionDate "2022.01.31"]
[SourceQuality "1"]

1. d4 g6 2. c4 Bg7 3. Nc3 d6 4. e4 Nc6 5. Nf3 Bg4 6. Be3 e5 7. d5 Nd4 8. Be2 Bxf3 9. Bxf3 Ne7 10. h4 h5 11. 0-0 c5 12. dxc6 bxc6 13. b4 0-0 14. Rc1 Rb8 15. a3 Qc8 16. b5 Qe6 17. a4 Rfc8 18. g3 cxb5 19. cxb5 Rc4 20. Be2 Rc5 21. Bd3 Rbc8 22. Bxd4 exd4 23. Ne2 Rxc1 24. Nxc1 Rc3 25. a5 Ra3 26. Qd2 Qc8 27. Ne2 Qd8 28. a6 d5 29. Rd1 Qd6 30. exd5 Nxd5 31. Be4 Nc7 32. Nxd4 Ra4 33. Nf3 Qxd2 34. Nxd2 Rd4 35. b6 axb6 36. a7 Ra4 37. a8Q+ Nxa8 38. Rc1 Rd4 39. Rc2 Nc7 40. Nf3 Rxe4 41. Rxc7 Bf6 42. Rc6 Re6 43. Rc8+ Kg7 44. Rb8 Be7 45. Rb7 Bc5 46. Ng5 Re7 47. Rb8 Re2 48. Nh3 Rb2 49. Kg2 b5 50. Kf3 b4 51. Ke4 Re2+ 52. Kd3 Re7 53. Rb5 Rc7 54. f4 Be7 55. Ng5 Rc3+ 56. Ke4 Rxg3 57. Nf3 Rg2 58. Ke3 Rc2 59. Rb7 Bd6 0-1

[Event "EU-ch Hybrid U16"]
[Site "Tornelo INT"]
[Date "2021.10.15"]
[Round "5"]
[White "Kavkasidze, Ilia"]
[Black "Qalichava, Akaki"]
[Result "0-1"]
[WhiteElo "1733"]
[BlackElo "2014"]
[PlyCount "110"]
[EventDate "2021.10.15"]
[EventType "swiss"]
[EventRounds "9"]
[EventCountry "NET"]
[SourceTitle "EXT 2023"]
[Source "ChessBase"]
[SourceDate "2022.10.05"]
[SourceVersion "1"]
[SourceVersionDate "2022.10.05"]
[SourceQuality "1"]
[WhiteTeam "Georgia"]
[BlackTeam "Georgia"]
[WhiteTeamCountry "GEO"]
[BlackTeamCountry "GEO"]

1. d4 Nf6 2. Bf4 d5 3. e3 c5 4. c3 cxd4 5. exd4 Qb6 6. Qb3 Nbd7 7. h3 e6 8. Nf3 Ne4 9. Bd3 Bd6 10. Qxb6 Nxb6 11. Bxd6 Nxd6 12. Nbd2 f6 13. 0-0 Bd7 14. b3 Kf7 15. c4 Nbc8 16. c5 Bb5 17. Bxb5 Nxb5 18. a4 Nc7 19. b4 a6 20. Nb1 Ne7 21. Nc3 Ng6 22. b5 e5 23. Rfe1 Rhd8 24. bxa6 Rxa6 25. Rab1 Ra7 26. dxe5 d4 27. Nb5 Nxb5 28. e6+ Ke7 29. axb5 Rd5 30. b6 Ra8 31. Rb4 d3 32. c6 bxc6 33. b7 Rb8 34. Nd4 Kd6 35. Rd1 Nf4 36. e7 Ne2+ 37. Kf1 Rxd4 38. e8Q Rxe8 39. b8Q+ Rxb8 40. Rxb8 Kc5 41. f3 Nc3 42. Rd2 Rd7 43. Ke1 Re7+ 44. Kf2 Kc4 45. Rd8 Nd5 46. Ra2 Nb4 47. Ra4 c5 48. Ra5 Nc6 49. Ra4+ Kb3 50. Rda8 c4 51. Ra3+ Kc2 52. Ra2+ Kc3 53. R8a3+ Kd4 54. Rd2 Nb4 55. Rb2 Nc2 0-1

[Event "EU-ch Hybrid U16"]
[Site "Tornelo INT"]
[Date "2021.10.15"]
[Round "1"]
[White "Laux, Dominik"]
[Black "Kavkasidze, Ilia"]
[Result "1-0"]
[WhiteElo "2145"]
[BlackElo "1733"]
[PlyCount "79"]
[EventDate "2021.10.15"]
[EventType "swiss"]
[EventRounds "9"]
[EventCountry "NET"]
[SourceTitle "EXT 2023"]
[Source "ChessBase"]
[SourceDate "2022.10.05"]
[SourceVersion "1"]
[SourceVersionDate "2022.10.05"]
[SourceQuality "1"]
[WhiteTeam "Germany"]
[BlackTeam "Georgia"]
[WhiteTeamCountry "GER"]
[BlackTeamCountry "GEO"]

1. d4 d5 2. Bf4 c5 3. e3 Nc6 4. c3 Nf6 5. Nf3 Qb6 6. Qb3 c4 7. Qc2 Bf5 8. Qc1 e6 9. Nbd2 Qd8 10. Nh4 Bg4 11. h3 Bh5 12. g4 Nd7 13. Bg3 Be7 14. Ng2 Bg6 15. Nf4 0-0 16. h4 h6 17. Nxg6 fxg6 18. Qc2 Qe8 19. b3 b5 20. a4 a6 21. axb5 axb5 22. Rxa8 Qxa8 23. Bg2 b4 24. bxc4 bxc3 25. Nb1 Nb4 26. Qxc3 Nb6 27. c5 Na2 28. Qa3 Nc4 29. Qxa8 Rxa8 30. Nd2 Rd8 31. Nf3 Nc3 32. Ne5 Bf6 33. Nxc4 dxc4 34. Kd2 Na4 35. Kc2 e5 36. dxe5 Be7 37. c6 c3 38. c7 Rc8 39. e6 Nc5 40. Rb1 1-0